A review of the practical uses of real property options (Record no. 103945)

MARC details
000 -LEADER
fixed length control field 01228cad a22002055a 4500
001 - CONTROL NUMBER
control field L128512
008 - FIXED-LENGTH DATA ELEMENTS--GENERAL INFORMATION
fixed length control field 050113e20050420xxk f 000 0 eng u
020 ## - INTERNATIONAL STANDARD BOOK NUMBER
International Standard Book Number 1842192167
035 ## - SYSTEM CONTROL NUMBER
System control number (Sirsi) u128512
041 ## - LANGUAGE CODE
Language code of text/sound track or separate title eng
050 04 - LIBRARY OF CONGRESS CALL NUMBER
Classification number 333.33 $2 18
110 ## - MAIN ENTRY--CORPORATE NAME
Corporate name or jurisdiction name as entry element Royal Institution of Chartered Surveyors
Subordinate unit Foundation
9 (RLIN) 4173
245 02 - TITLE STATEMENT
Title A review of the practical uses of real property options
Medium [electronic resource]
260 ## - PUBLICATION, DISTRIBUTION, ETC.
Place of publication, distribution, etc. London
Name of publisher, distributor, etc. RICS Foundation
Date of publication, distribution, etc. 2005
520 ## - SUMMARY, ETC.
Summary, etc. Discusses options for vesting in property. Property research options are used in the early stages of design and planning. Real property options are among the earliest modelled real options, with now six primary practical uses: planning, investment timing, leasing, operations, funding and industry strategy. Discusses basic option theory and practice, applied to land conversion. Provides a selection of the real property models, which have been developed over the past twenty years, with graphical illustrations.
651 #4 - SUBJECT ADDED ENTRY--GEOGRAPHIC NAME
Geographic name United Kingdom
Chronological subdivision
690 ## - LOCAL SUBJECT ADDED ENTRY--TOPICAL TERM (OCLC, RLIN)
Topical term or geographic name as entry element PROPERTY-PROPERTY APPRAISAL AND VALUATION-
856 40 - ELECTRONIC LOCATION AND ACCESS
Uniform Resource Identifier <a href="https://www.rics.org/site/scripts/download_info.aspx?downloadID=2140">https://www.rics.org/site/scripts/download_info.aspx?downloadID=2140</a>
Public note View the item free of charge at www.rics.org...
942 ## - ADDED ENTRY ELEMENTS (KOHA)
Suppress in OPAC 0
Holdings
Withdrawn status Lost status Source of classification or shelving scheme Damaged status Not for loan Home library Current library Shelving location Date acquired Total Checkouts Full call number Barcode Date last seen Copy number Price effective from Koha item type
    Dewey Decimal Classification     Virtual Virtual Online 10/10/2007   ONLINE PUBLICATION 128512-2001 06/08/2019 1 06/08/2019 Book